|
|
|
|
| LEADER |
02491nam a22004695i 4500 |
| 001 |
978-3-7091-1556-5 |
| 003 |
DE-He213 |
| 005 |
20151204163500.0 |
| 007 |
cr nn 008mamaa |
| 008 |
130923s2014 au | s |||| 0|eng d |
| 020 |
|
|
|a 9783709115565
|9 978-3-7091-1556-5
|
| 024 |
7 |
|
|a 10.1007/978-3-7091-1556-5
|2 doi
|
| 040 |
|
|
|d GrThAP
|
| 050 |
|
4 |
|a QR251-255
|
| 072 |
|
7 |
|a MMFP
|2 bicssc
|
| 072 |
|
7 |
|a MED103000
|2 bisacsh
|
| 082 |
0 |
4 |
|a 616.96
|2 23
|
| 245 |
1 |
0 |
|a Trypanosomes and Trypanosomiasis
|h [electronic resource] /
|c edited by Stefan Magez, Magdalena Radwanska.
|
| 264 |
|
1 |
|a Vienna :
|b Springer Vienna :
|b Imprint: Springer,
|c 2014.
|
| 300 |
|
|
|a X, 294 p. 27 illus., 20 illus. in color.
|b online resource.
|
| 336 |
|
|
|a text
|b txt
|2 rdacontent
|
| 337 |
|
|
|a computer
|b c
|2 rdamedia
|
| 338 |
|
|
|a online resource
|b cr
|2 rdacarrier
|
| 347 |
|
|
|a text file
|b PDF
|2 rda
|
| 505 |
0 |
|
|a Tsetse fly biology: where it all starts -- Trypanolytic activity of NHS: a first defense -- Antigenic variation: the answer to host immunity -- Early onset of host immunity: the big unknown -- Myeloid cells: parasite control versus pathology -- Adaptive immunity - T cells: old and new views on defense part I -- Adaptive immunity - B cells: old and new views on defense part II -- Proteomics of trypanosomes: what’s in there -- Diagnosis: when to treat and when not -- Drug design: the past, the present and future -- Nanobody technology: a novel approach to an old fight -- Sodalis as expression system: using the Trojan horse -- Nagana: it’s not all about HAT.
|
| 520 |
|
|
|a This new volume written by experts in the field of trypanosome research covers every aspect of trypanosome-vector-host biology. It is a must read for basic researchers working with trypanosomes and related organisms, infection and drug development as well as parasitology in a broader sense.
|
| 650 |
|
0 |
|a Medicine.
|
| 650 |
|
0 |
|a Medical microbiology.
|
| 650 |
|
0 |
|a Parasitology.
|
| 650 |
|
0 |
|a Infectious diseases.
|
| 650 |
1 |
4 |
|a Biomedicine.
|
| 650 |
2 |
4 |
|a Parasitology.
|
| 650 |
2 |
4 |
|a Medical Microbiology.
|
| 650 |
2 |
4 |
|a Infectious Diseases.
|
| 700 |
1 |
|
|a Magez, Stefan.
|e editor.
|
| 700 |
1 |
|
|a Radwanska, Magdalena.
|e editor.
|
| 710 |
2 |
|
|a SpringerLink (Online service)
|
| 773 |
0 |
|
|t Springer eBooks
|
| 776 |
0 |
8 |
|i Printed edition:
|z 9783709115558
|
| 856 |
4 |
0 |
|u http://dx.doi.org/10.1007/978-3-7091-1556-5
|z Full Text via HEAL-Link
|
| 912 |
|
|
|a ZDB-2-SBL
|
| 950 |
|
|
|a Biomedical and Life Sciences (Springer-11642)
|